Enfermedades de las plantas cultivadas

Պահպանված է:
Մատենագիտական մանրամասներ
Հիմնական հեղինակ: Latorre Guzmán, Bernardo Antonio (autor)
Ձևաչափ: Գիրք
Լեզու:իսպաներեն
Հրապարակվել է: Santiago, Chile Universidad Católica de Chile 1995
Հրատարակություն:4a. ed
Շարք:Colección en Agricultura
Խորագրեր:
Ցուցիչներ: Ավելացրեք ցուցիչ
Չկան պիտակներ, Եղեք առաջինը, ով նշում է այս գրառումը!

MARC

LEADER 00000nam a2200000 a 4500
001 UCT5074
003 CL-VaPUC
005 20250305152652.0
008 961129e19950000CL |||||||||||||||||spa|d
999 |c 254095  |d 254093 
040 |c Pontificia Universidad Católica de Valparaíso 
082 0 4 |a 632 LAT 1995  |2 21 
100 |a Latorre Guzmán, Bernardo Antonio  |e autor  |9 487056 
245 1 0 |a Enfermedades de las plantas cultivadas 
250 |a 4a. ed 
260 0 3 |a Santiago, Chile  |b Universidad Católica de Chile  |c 1995 
300 |a 628 páginas 
490 0 |a Colección en Agricultura 
583 |a last modification  |c 19961129 00:00:00  |k Rodrigo Vera 
650 7 |a Plantas cultivadas  |2 CL-VaPUC  |9 264299 
650 0 |a Enfermedades de las plantas  |9 259687 
650 7 |a Patología vegetal   |2 CL-VaPUC  |9 264624 
650 0 |a Patología vegetal  |9 325426 
650 0 |a Árboles frutales   |9 264300 
942 |c BK  |2 ddc 
945 |d 19961129 00:00:00  |a rleighto 
952 |0 0  |1 0  |2 ddc  |4 0  |6 632_000000000000000_LAT_1995  |7 0  |8 A  |9 275487  |a BIBAGR  |b BIBAGR  |d 2019-11-19  |i 3275361  |o 632 LAT 1995  |p 3275361  |r 2025-01-20  |t 4  |w 2019-11-19  |y BK  |k AGR